000 00635nam a2200229Ia 4500
005 20241129110939.0
008 241129s9999||||xx |||||||||||||| ||und||
020 _a978-1-5297-6388-1
037 _aTB
040 _aCRL
_beng
_cCRL
041 _aeng
_2eng
084 _aX:8 R2
_qCRL
100 _aMount C. P. Au.
_9722899
245 0 _aManaging and organizations: introduction to theory and practice
_cMount C. P. Au.
250 _a6th
260 _aLos Angeles, USA
_bSage
_c2022
300 _aviii,569p.
365 _aUKP
_b49.99
650 _aEconomicsManagement
942 _cTB
_hX:8 R2
999 _c1228224
_d1228224